000
00290nam a22001217a 4500
008
180315b xxu||||| |||| 00| 0 eng d
041
_a
eng
080
_2
129th
_a
311
100
_a
55
101
_a
STA
245
_a
Statistical abstract of the united states 2010
_c
Locke,G
942
_2
udc
_c
BK
999
_c
45134
_d
45134